| Record ID | ia:lottaschmidtothe0000trol |
| Source | Internet Archive |
| Download MARC XML | https://archive.org/download/lottaschmidtothe0000trol/lottaschmidtothe0000trol_marc.xml |
| Download MARC binary | https://www.archive.org/download/lottaschmidtothe0000trol/lottaschmidtothe0000trol_meta.mrc |
LEADER: 00966cam 2200229 a 4500
001 94113395 //r942
003 DLC
005 19941018172111.4
008 940202r19931867enk 000 1 eng
010 $a 94113395 //r942
020 $a0140438238 :$c£5.99 ($7.95 U.S.)
040 $aDLC$cDLC$dDLC
050 00 $aPR5684$b.L64 1993
082 00 $a823/.8$220
100 1 $aTrollope, Anthony,$d1815-1882.
245 10 $aLotta Schmidt and other stories /$cAnthony Trollope.
260 $aLondon ;$aNew York :$bPenguin Books,$c1993.
300 $a369 p. ;$c18 cm.
490 1 $aThe Penguin Trollope ;$v23
505 0 $aLotta Schmidt -- The adventures of Fred Pickering -- The two generals -- Father Giles of Ballymoy -- Malachi's cove -- The widow's mite -- The last Austrian who left Venice -- Miss Ophelia Gledd -- The journey to Panama.
651 0 $aGreat Britain$xSocial life and customs$y19th century$xFiction.
800 1 $aTrollope, Anthony,$d1815-1882.$tWorks.$f1993 ;$v23.